Effectif Olympique de Marseille 2024/2025 - Statistiques

Statistiques générales
  • Ce quiz a été pris 76 fois
  • Le résultat moyen est 21 sur 30
Statistiques - réponses
Poste Pays d'origine Réponse % Correct
Gardien Argentine Gerónimo Rulli
100%
Défenseur Argentine Leonardo Balerdi
92%
Milieu France Adrien Rabiot
88%
Attaquant Algérie Amine Gouiri
86%
Milieu Maroc Amine Harit
86%
Défenseur Panama Amir Murillo
86%
Attaquant Angleterre Mason Greenwood
83%
Milieu France Valentin Rongier
82%
Défenseur Canada Derek Cornelius
80%
Milieu République Centrafricaine Geoffrey Kondogbia
80%
Défenseur Suisse Ulisses Garcia
80%
Défenseur République Démocratique du Congo Chancel Mbemba
78%
Gardien Pays-Bas Jeffrey De Lange
78%
Attaquant Brésil Luis Henrique
78%
Milieu Algérie Ismaël Bennacer
75%
Défenseur Espagne Pol Lirola
75%
Attaquant Angleterre Jonathan Rowe
74%
Gardien Espagne Rubén Blanco
74%
Milieu Maroc Bilal Nadir
69%
Défenseur Bosnie-Herzégovine Amar Dedić
66%
Défenseur France Quentin Merlin
65%
Milieu Danemark Pierre-Emile Højbjerg
62%
Attaquant Cameroun Faris Moumbagna
58%
Attaquant France Neal Maupay
58%
Défenseur Italie Luiz Felipe
54%
Milieu France Darryl Bakola
51%
Gardien Belgique Jelle Van Neck
35%
Milieu France Gaël Lafont
34%
Attaquant France Keyliane Abdallah
18%
Milieu France Yanis Sellami
9%
Aucun quiz correspondant
Distribution des résultats
% des personnes avec chaque résultat
Percentile par nombre de réponses
Votre historique - résultats
Vous n’avez pas pris ce quiz